Contributions to probability : a collection of papers dedicated to Eugene Lukacs /

Guardado en:
Otros Autores: Lukacs, Eugene., Gani, J. M. (Editor , ed.), Rohatgi, V. K., 1939-, (Editor , ed.)
Formato: Libro
Idioma:English
Publicado: New York : Academic Press, 1981.
Materias:
Etiquetas: Agregar Etiqueta
Sin Etiquetas, Sea el primero en etiquetar este registro!
LEADER 00946cam a22002535a 4500
001 EIQ.libpla000302
008 801022s1981####nyuc#####b####011#0#eng#d
005 20060609160021.0
245 0 0 |a Contributions to probability :  |b a collection of papers dedicated to Eugene Lukacs /  |c edited by J. Gani, V.K. Rohatgi. 
260 |a New York :  |b Academic Press,  |c 1981. 
300 |a xxi, 311 p. :  |b foto. ;  |c 24 cm. 
504 |a "Eugene Lukas: bibliography": p. 307-311. 
504 |a Incluye referencias bibliográficas e índice. 
020 |a 0122744608 
700 1 |a Lukacs, Eugene. 
700 1 |a Gani, J. M.  |q (Joseph Mark),  |e ed.  |4 edt 
700 1 |a Rohatgi, V. K.,  |d 1939-,  |e ed.  |4 edt 
082 0 0 |a 519.2  |2 19 
600 1 0 |a Lukacs, Eugene. 
650 0 |a Probabilidades  |x Ensayos, lecturas. 
650 0 |a Probabilities  |x Addresses, essays, lectures. 
010 |a  80026103  
040 |a DLC  |c DLC  |d AR-BbSID 
859 |a AR-BbSID  |b BIB. PLAPIQUI  |h 519.2  |i C 768  |p 2059